| 000 | 00363cam a22001337a 4500 | ||
|---|---|---|---|
| 008 | 180718b1979 xxu||||| |||| 00| 0 eng d | ||
| 082 | _aO97 C643 | ||
| 100 | _aCochrane, Susan Hill | ||
| 245 |
_aFertility and education: what do we really know? _cby Susan Hill Cochrane |
||
| 260 |
_a _b _c1979 |
||
| 300 | _a175p. | ||
| 650 | _aEducation | ||
| 650 | _aBirth control | ||
| 999 |
_c250373 _d250373 |
||